[Event "Aarhus mesterskabet"]
[Site "Aarhus"]
[Date "1996.??.??"]
[Round "1"]
[White "Pedersen, Nicolai Vesterbaek"]
[Black "Pedersen, Jan"]
[Result "1/2-1/2"]
[WhiteElo "2290"]
[BlackElo "2335"]
[PlyCount "80"]
[EventDate "1996.??.??"]
[EventType "tourn"]
[EventRounds "7"]
[EventCountry "DEN"]
[EventCategory "2"]
[SourceTitle "EXT 1999"]
[Source "ChessBase"]
[SourceDate "1998.11.10"]

1. e4 c6 2. d4 d5 3. exd5 cxd5 4. c3 Nc6 5. Nf3 g6 6. Bd3 Nh6 7. O-O Bf5 8.
Bxh6 Bxd3 9. Qxd3 Bxh6 10. Nbd2 O-O 11. Rfe1 a6 12. a4 Qd7 13. a5 Qf5 14. Qxf5
gxf5 15. Nb3 Rac8 16. Ne5 Nxe5 17. Rxe5 e6 18. g3 Rc4 19. Nc5 Rc8 20. Re2 Bf8
21. Nd7 Rd8 22. Nxf8 Kxf8 23. Ree1 Ke7 24. Kf1 Rc6 25. Ke2 h5 26. Ra4 Rc4 27.
Rea1 Rdc8 28. R4a3 Kd6 29. Rb3 Kc7 30. Rb6 Rc6 31. Rb4 b5 32. axb6+ Rxb6 33.
Rxb6 Kxb6 34. Kd3 a5 35. Ra3 Ra8 36. Ra4 Kb5 37. b3 h4 38. c4+ dxc4+ 39. Rxc4
hxg3 40. hxg3 Kb6 1/2-1/2